|
|
|
|
| LEADER |
01789nam a2200421 i 4500 |
| 001 |
EBC5043428 |
| 003 |
MiAaPQ |
| 005 |
20200520144314.0 |
| 006 |
m o d | |
| 007 |
cr cnu|||||||| |
| 008 |
171013t20172017enk o 001 0 eng d |
| 020 |
|
|
|z 9781849467650
|
| 020 |
|
|
|a 9781509901142 (e-book)
|
| 035 |
|
|
|a (MiAaPQ)EBC5043428
|
| 035 |
|
|
|a (Au-PeEL)EBL5043428
|
| 035 |
|
|
|a (CaPaEBR)ebr11438678
|
| 035 |
|
|
|a (CaONFJC)MIL1035330
|
| 035 |
|
|
|a (OCoLC)1003991981
|
| 040 |
|
|
|a MiAaPQ
|b eng
|e rda
|e pn
|c MiAaPQ
|d MiAaPQ
|
| 050 |
|
4 |
|a K1100
|b .I584 2017
|
| 082 |
0 |
|
|a 346.074
|2 23
|
| 245 |
0 |
0 |
|a International and comparative secured transactions law :
|b essays in honour of Roderick A Macdonald /
|c edited by Spyridon V. Bazinas and Orkun Akseli.
|
| 264 |
|
1 |
|a Oxford, England ;
|a Portland, Oregon :
|b Hart Publishing,
|c 2017.
|
| 264 |
|
4 |
|c 2017
|
| 300 |
|
|
|a 1 online resource (369 pages)
|
| 336 |
|
|
|a text
|2 rdacontent
|
| 337 |
|
|
|a computer
|2 rdamedia
|
| 338 |
|
|
|a online resource
|2 rdacarrier
|
| 500 |
|
|
|a Includes index.
|
| 588 |
|
|
|a Description based on print version record.
|
| 590 |
|
|
|a Electronic reproduction. Ann Arbor, MI : ProQuest, 2016. Available via World Wide Web. Access may be limited to ProQuest affiliated libraries.
|
| 650 |
|
0 |
|a Security (Law)
|
| 655 |
|
4 |
|a Electronic books.
|
| 700 |
1 |
|
|a Bazinas, Spiros V.,
|e editor.
|
| 700 |
1 |
|
|a Akseli, N. Orkun
|q (Nazim Orkun),
|e editor.
|
| 776 |
0 |
8 |
|i Print version:
|t International and comparative secured transactions law : essays in honour of Roderick A Macdonald.
|d Oxford, England ; Portland, Oregon : Hart Publishing, c2017
|h xxx, 338 pages
|z 9781849467650
|w 2017024445
|
| 797 |
2 |
|
|a ProQuest (Firm)
|
| 856 |
4 |
0 |
|u https://ebookcentral.proquest.com/lib/matrademy/detail.action?docID=5043428
|z Click to View
|